| 000 | 01096nam a22002537a 4500 | ||
|---|---|---|---|
| 003 | Uzh_bibl | ||
| 008 | 260416b |||||||| |||| 00| 0 ukr d | ||
| 020 |
_a5-7720-0689-4 _c11,08 |
||
| 040 | _bукр. | ||
| 041 |
_2ukr _aukr |
||
| 080 | _a821.161.2 | ||
| 090 |
_a821.161.2 _bУ 45 |
||
| 100 | _a- | ||
| 245 |
_aУкраїнські літературні казки _cУпорядн. Віктор Полковенко _hТекст |
||
| 260 |
_aКиїв _b"Молодь" _c1992 |
||
| 300 |
_a296 с. _bіл. |
||
| 520 | _aДо збірника увійшли казки відомих українських письменників, у яких головним героєм виступає природа та її мешканці. | ||
| 521 | _aДля широкого кола читачів | ||
| 546 | _aукр. | ||
| 650 | _aЛітературно-художнє видання | ||
| 653 |
_aЖайвір співає людині _aЗвук павутинки _aЗемля світлячків |
||
| 655 |
_aХудожня література _vКазки |
||
| 942 |
_2udc _cBK |
||
| 999 |
_c17355 _d17355 |
||